[Event "SVK-chT5 SE-SI 1819"]
[Site "Slovakia"]
[Date "2018.10.20"]
[Round "1.2"]
[White "Sladek, Michal"]
[Black "Ralbovsky, Milan"]
[Result "1/2-1/2"]
[WhiteElo "1353"]
[BlackElo "1362"]
[PlyCount "23"]
[EventDate "2018.10.20"]
[EventType "team-tourn"]
[EventRounds "10"]
[EventCountry "SVK"]
[SourceTitle "CBM 189 Extra"]
[Source "ChessBase"]
[SourceDate "2019.06.03"]
[SourceVersion "1"]
[SourceVersionDate "2019.06.03"]
[SourceQuality "1"]
[WhiteTeam "Holic III"]
[BlackTeam "Gbely Nafta IV"]
[WhiteTeamCountry "SVK"]
[BlackTeamCountry "SVK"]

1. e4 e5 2. Nf3 d6 3. Nc3 a6 4. Bc4 h6 5. h3 Nf6 6. d3 Be7 7. Be3 0-0 8. Qd2 Kh7 9. 0-0-0 b5 10. Bb3 c5 11. g4 Nfd7 12. Nd5 1/2-1/2

[Event "SVK-chT5 SE-SI 1415"]
[Site "Slovakia"]
[Date "2014.10.18"]
[Round "1.3"]
[White "Svarc, Vaclav"]
[Black "Sladek, Michal"]
[Result "1/2-1/2"]
[WhiteElo "1094"]
[BlackElo "1257"]
[PlyCount "52"]
[EventDate "2014.10.18"]
[EventType "team-tourn"]
[EventRounds "11"]
[EventCountry "SVK"]
[SourceTitle "EXT 2022"]
[Source "ChessBase"]
[SourceDate "2021.10.06"]
[SourceVersion "1"]
[SourceVersionDate "2021.10.06"]
[SourceQuality "1"]
[WhiteTeam "Senica CVC III"]
[BlackTeam "Holic III"]
[WhiteTeamCountry "SVK"]
[BlackTeamCountry "SVK"]

1. e4 e5 2. Nf3 Nc6 3. Nc3 Nf6 4. Bb5 a6 5. Bc4 b5 6. Bd5 Bd6 7. d3 h6 8. Be3 Bb7 9. 0-0 Nxd5 10. exd5 Nb4 11. d4 f6 12. a3 Nxd5 13. Nxd5 Bxd5 14. dxe5 Bxf3 15. Qxf3 Bxe5 16. Qh5+ Kf8 17. Rae1 Qe8 18. Qf3 Kg8 19. Bf4 d6 20. Qb3+ Qf7 21. Bxe5 Qxb3 22. cxb3 dxe5 23. Rc1 Rc8 24. Rc6 a5 25. Rc5 c6 26. Rfc1 Kh7 1/2-1/2

[Event "SVK-chT5 SE-SI 1314"]
[Site "Slovakia"]
[Date "2014.01.18"]
[Round "6.1"]
[White "Sladek, Michal"]
[Black "Nemeckay, Rastislav"]
[Result "0-1"]
[WhiteElo "1241"]
[BlackElo "1986"]
[PlyCount "50"]
[EventDate "2013.10.19"]
[EventType "team-tourn"]
[EventRounds "11"]
[EventCountry "SVK"]
[SourceTitle "EXT 2022"]
[Source "ChessBase"]
[SourceDate "2021.10.06"]
[SourceVersion "1"]
[SourceVersionDate "2021.10.06"]
[SourceQuality "1"]
[WhiteTeam "Holic II"]
[BlackTeam "Borsky Mikulas"]
[WhiteTeamCountry "SVK"]
[BlackTeamCountry "SVK"]

1. e4 c6 2. Bc4 d5 3. exd5 cxd5 4. Bb3 Nf6 5. h3 Bf5 6. d3 e6 7. Nf3 h6 8. 0-0 Bd6 9. Nc3 0-0 10. Be3 Nc6 11. d4 Na5 12. Qd2 Nxb3 13. axb3 a6 14. Bf4 Rc8 15. Bxd6 Qxd6 16. Ne5 Rc7 17. Ne2 Rxc2 18. Qe3 Rc7 19. Ng3 Bh7 20. Rac1 Rfc8 21. Qd2 Ne4 22. Nxe4 Bxe4 23. Qf4 f6 24. Nd3 Qxf4 25. Nxf4 Rxc1 0-1